Majority Tropical Countries - Statistics

General Stats
  • This quiz has been taken 50 times
  • The average score is 65 of 81
Answer Stats
Answer % Correct
Brazil
96%
Colombia
96%
Venezuela
96%
Indonesia
93%
Barbados
89%
Cuba
89%
Haiti
89%
Nauru
89%
Peru
89%
St Lucia
89%
Bahamas
86%
Ecuador
86%
El Salvador
86%
Fiji
86%
Guyana
86%
Jamaica
86%
Malaysia
86%
Maldives
86%
Marshall Islands
86%
Mauritius
86%
Micronesia
86%
Palau
86%
Samoa
86%
St Vincent and the Grenadines
86%
Suriname
86%
Thailand
86%
Trinidad and Tobago
86%
Belize
82%
Bolivia
82%
Cambodia
82%
Costa Rica
82%
Dominica
82%
Dominican Republic
82%
Grenada
82%
Guatemala
82%
Kiribati
82%
Madagascar
82%
Nicaragua
82%
Panama
82%
Papua New Guinea
82%
Singapore
82%
Solomon Islands
82%
Sri Lanka
82%
St Kitts and Nevis
82%
Tonga
82%
Tuvalu
82%
Vanuatu
82%
Vietnam
82%
Antigua and Barbuda
79%
Comoros
79%
East Timor
79%
Ghana
79%
Honduras
79%
Laos
79%
Myanmar
79%
Philippines
79%
Brunei
75%
Gabon
75%
Nigeria
75%
Seychelles
75%
Bangladesh
71%
Benin
71%
Burundi
71%
Central African Republic
71%
D.R. Congo
71%
Gambia
71%
Guinea
71%
Guinea-Bissau
71%
Ivory Coast
71%
Republic of the Congo
71%
Sao Tome and Principe
71%
Sierra Leone
71%
Togo
71%
Uganda
71%
Cameroon
68%
Equatorial Guinea
68%
Liberia
68%
Rwanda
64%
South Sudan
61%
Tanzania
61%
Mozambique
57%
No matching quizzes found
Score Distribution
Percent of People with Each Score
Percentile by Number Answered
Your Score History
You have not taken this quiz